Представление документа в формате RUSMARC

ПолеНазваниеЗначение
  Тип записи a
  Библиографический уровень a
001 Контрольный номер RU/CBS_UL/BASE/efa045456f24445f98b8dc19539d2535
005 Дата корректировки 20240710155419.3
100 Данные общей обработки __
a Данные общей обработки 20240710 ||| 0rusy0189 ca
101 Язык документа 0_
a Язык текста rus
102 Страна публикации __
a Страна публикации RU
200 Заглавие и сведения об ответственности 1_
a Заглавие "Докладываю агентурные данные..."
e Сведения, относящиеся к заглавию [о роли советской военной разведки в начале Второй мировой войны]
f Первые сведения об ответственности С. Экштут
300 Общие примечания __
a Общие примечания 16+
320 Библиография __
a Библиография Библиогр.: с. 121
461 Уровень набора _0
1 2000
a Родина
463 Уровень физической единицы _0
1 2000
a № 11
v С. 117-121 : фот., карт.
1 2101
d 2023
1 001RU/CBS_UL/BASE/aa159a031eed423f9cc0c498f874c03f
600 Персоналии _1
a Персоналии (Фамилия) Костюков
b Персоналии (Имя, инициалы) И.О.
606 Тематические рубрики 0_
a Основная рубрика Великая Отечественная война - 1941-1945 - Военная разведка
610 Ключевые слова 0_
a Ключевые слова войны
610 Ключевые слова 0_
a Ключевые слова война Великая Отечественная
610 Ключевые слова 0_
a Ключевые слова ВОВ
610 Ключевые слова 0_
a Ключевые слова Вторая мировая война
610 Ключевые слова 0_
a Ключевые слова военная разведка
610 Ключевые слова 0_
a Ключевые слова разведчики
610 Ключевые слова 0_
a Ключевые слова спецслужбы
610 Ключевые слова 0_
a Ключевые слова история спецслужб
610 Ключевые слова 0_
a Ключевые слова история разведки
610 Ключевые слова 0_
a Ключевые слова архивные документы
610 Ключевые слова 0_
a Ключевые слова адмиралы
610 Ключевые слова 0_
a Ключевые слова ГРУ
610 Ключевые слова 0_
a Ключевые слова Главное разведывательное управление
610 Ключевые слова 0_
a Ключевые слова Великая архивная революция
686 Индексы других классификаций __
2 Код системы rubbk
a Классификационный индекс 63.3(2)622-35
700 Автор _1
a Фамилия Экштут
b Имя (инициалы) С.
801 Источник записи _0
a Страна RU
b Организация МБУК ЦБС г. Ульяновска
c Дата составления 20240710
g Правила каталогизации RCR
801 Источник записи _1
a Страна RU
b Организация МБУК ЦБС г. Ульяновска
c Дата составления 20240710
g Правила каталогизации RCR
901 Тип документа __
t Тип документа b
w Контрольный № источника RU/CBS_UL/BASE/aa159a031eed423f9cc0c498f874c03f
909 Создатель записи __
a Создатель записи lib1